000 00304nam a2200121Ia 4500
008 190216s9999||||xx |||||||||||||| ||und||
100 _a"Efraim Turban,Linda Volonio"
245 0 _aInformation Technology For Management
260 _bWiley India
_c2010
300 _a623
650 _aCommerce
942 _cBK
999 _c7718
_d7718